Những yếu tố văn hóa dân gian trong thơ văn Hồ Chí Minh

Quyển những yếu tố văn hóa dân gian trong thơ văn Hồ Chí Minh giới hạn trong phạm vi tìm hiểu sự vận động của một tác phẩm văn học của Bác; phân tích nguồn tục ngữ do Bác sử dụng; giới thiệu những bài thơ lục bát của Bác...

Descripción completa

Guardado en:
Detalles Bibliográficos
Autor principal: Hà, Châu
Formato: Libro
Lenguaje:Undetermined
Publicado: Hà Nội Thời đại 2014
Materias:
Etiquetas: Agregar Etiqueta
Sin Etiquetas, Sea el primero en etiquetar este registro!
Thư viện lưu trữ: Trung tâm Học liệu Trường Đại học Cần Thơ
LEADER 01024nam a2200205Ia 4500
001 CTU_209720
008 210402s9999 xx 000 0 und d
082 |a 895.92209 
082 |b Ch125 
100 |a Hà, Châu 
245 0 |a Những yếu tố văn hóa dân gian trong thơ văn Hồ Chí Minh 
245 0 |c Hà Châu 
260 |a Hà Nội 
260 |b Thời đại 
260 |c 2014 
520 |a Quyển những yếu tố văn hóa dân gian trong thơ văn Hồ Chí Minh giới hạn trong phạm vi tìm hiểu sự vận động của một tác phẩm văn học của Bác; phân tích nguồn tục ngữ do Bác sử dụng; giới thiệu những bài thơ lục bát của Bác 
650 |a Văn học Việt Nam,Vietnamese literature 
650 |x Lịch sử và phê bình,History and criticism 
904 |i Nguyễn Thị Phương Thảo,Hải 
980 |a Trung tâm Học liệu Trường Đại học Cần Thơ